Normal view
MARC view
- نوفيكوف، يو
Entry Personal Name
001 - CONTROL NUMBER
- control field: 38381
003 - CONTROL NUMBER IDENTIFIER
- control field: JO-AjAnu
005 - DATE AND TIME OF LATEST TRANSACTION
- control field: 20230606080406.0
008 - FIXED-LENGTH DATA ELEMENTS
- fixed length control field: 230606|| aca||aabn | a|a d
040 ## - CATALOGING SOURCE
- Original cataloging agency: JO-AjAnu
- Transcribing agency: JO-AjAnu
100 ## - HEADING--PERSONAL NAME
- Personal name: نوفيكوف، يو
670 ## - SOURCE DATA FOUND
- Source citation: Work cat.: (JO-AjAnu)19689: نوفيكوف، يو , author, الارض رعايتها حياتنا